zpět

Detail výsledku týmu

Restaurace Na Radnici, Tršice

Datum a čas kvízu

21 Celkem bodů Celkový počet nahraných bodů na tomto kvízu bez doplňovacích otázek.
6. Pořadí na kvízu Konečné umístění týmu na tomto kvízu.

Zaznamenané odpovědi

# Otázka Odpověď Body Výsledky
1. Předsedou KDU-ČSL se na pátečn... Marek Výborný 0
2. Papež František proslul tím, ž... papež si nenechal políbit prsten a vždy ucuknul 1
3. Videoklip jedné hudební kapely... Rammstein 1
4. Tři moravské pivovary přestan... Litovel, Zubr, Holba 1
5. 37letý záložník, hráč klubu AC... Marek Matějovský 1
6. Vaším úkolem bude uhodnout kře... Jaroslav / Tomáš Satoranský 0
7. Čtvrté nejčastější příjmení v... Petr / Pavel / Petra Svoboda 0.5
8. Úspěšný kanadský režisér se na... James / David Cameron 0.5
9. Slovenský jazzový a bluesový z... Peter / Dua Lipa 1
10. Generál (1885–1945) a hudebník... George, Mike Patton 0